000 00290nam a22001337a 4500
041 _aENG
100 _aJha.J
245 _aConstrution And Foundation Engineering
260 _aNew Delhi
_bKhanna Publishers
_c1995
300 _a991
650 _a48
700 _aSinha.S.K
856 _u48
999 _c3108
_d3108